[Event "It (open)"]
[Site "masterchessopen.com Oberwart (Austria)"]
[Round "0"]
[White "Nikolic Goran (SRB)"]
[Black "Hadjieff Dieter (AUT)"]
[Result "1-0"]
[WhiteElo "2263"]
[BlackElo "2173"]

1.d4 Nf6 2.c4 e6 3.Nc3 Bb4 4.e3 Nc6 5.Nf3 d6 6.Be2 Bxc3+ 7.bxc3 O-O 8.Ba3 Re8
9.c5 dxc5 10.Bxc5 Ne4 11.Qb3 Nxc5 12.dxc5 Qe7 13.Qa3 a6 14.Nd4 Nd8 15.Rd1 e5
16.Nb3 Qg5 17.Qa4 c6 18.Kf1 Bf5 19.Na5 Qe7 20.Nc4 Ne6 21.Nd6 Nxc5 22.Qc4 Bc2
23.Rd2 Ne4 24.Nxe4 b5 25.Qxc6 Rac8 26.Qd5 Bxe4 27.Qxe4 Rxc3 28.g3 f5 29.Qxf5
Rf8 30.Qe4 Qf6 31.Bd3 g6 32.Kg2 Rc7 33.Rf1 Rcf7 34.Bc2 Kg7 35.Bb3 Rc7 36.f4
Re7 37.Rdf2 Qd6 38.fxe5 {#r} 1-0

[Event "It (open)"]
[Site "masterchessopen.com Orlova (Czech Republic)"]
[Date "2008.05.24"]
[Round "8"]
[White "Podlesny Pavel (CZE)"]
[Black "Weinzettl Ernst (AUT)"]
[Result "0-1"]
[WhiteElo "2155"]
[BlackElo "2289"]

1.d4 Nf6 2.c4 e6 3.Nc3 Bb4 4.e3 Nc6 5.Bd3 O-O 6.f4 d6 7.Qc2 e5 8.fxe5 dxe5
9.d5 e4 10.Bxe4 Nxe4 11.Qxe4 Re8 12.Qf4 Bd6 13.Qf1 Ne5 14.Nf3 c6 15.Bd2 Bg4
16.O-O-O cxd5 17.cxd5 Rc8 18.Kb1 Nc4 19.Qd3 Qb6 20.Bc1 Rxe3 21.Qd4 Na3+ {#R}
0-1

[Event "It (open)"]
[Site "masterchessopen.com Pontevedra (Spain)"]
[Date "2004.08.15"]
[Round "5"]
[White "Iotov Valentin (BUL)"]
[Black "Matnadze Ana (GEO)"]
[Result "1-0"]
[WhiteElo "2414"]
[BlackElo "2338"]

1.d4 Nf6 2.c4 e6 3.Nc3 Bb4 4.e3 Nc6 5.Bd3 e5 6.Ne2 d5 7.O-O dxc4 8.Bxc4 O-O
9.d5 Na5 10.Bd3 c6 11.e4 cxd5 12.Nxd5 Be7 13.Nec3 Be6 14.Nxe7+ Qxe7 15.Bg5
Rfd8 16.Nd5 Bxd5 17.exd5 e4 18.Qe1 Rxd5 19.Bxf6 Qxf6 20.Qxe4 Rh5 21.b4 Rh4
22.f4 Nc6 23.Rae1 g6 24.b5 Na5 25.g3 Rh5 26.f5 Rxf5 27.Rxf5 gxf5 28.Qf3 Rd8
29.Bxf5 h6 30.Rf1 Kg7 31.Rf2 b6 32.Kg2 Rd4 33.Qc3 Rd6 34.Qc8 Qd4 35.Rf4 Qd2+
36.Kh3 h5 37.Be4 Rd8 38.Qf5 Qd7 39.Kh4 Qxf5 40.Rxf5 Rd4 41.Rf4 Rd2 42.h3 Nc4
43.Kxh5 Nd6 44.a4 Rd4 45.Bc2 Rd2 46.Be4 Ne8 47.Kg5 Nc7 48.Bf5 Nd5 49.Rc4 Rf2
50.g4 Rd2 51.Rc8 Rd4 52.Rd8 f6+ 53.Kh4 Kf7 54.Rd7+ Ke8 55.Be6 {#r} 1-0

[Event "It (open)"]
[Site "masterchessopen.com Sanxenxo (Spain)"]
[Date "2007.06.24"]
[Round "9"]
[White "Patino Romaris Juan Roberto (ESP)"]
[Black "Vila Gazquez Javier (ESP)"]
[Result "0-1"]
[WhiteElo "2257"]
[BlackElo "2436"]

1.d4 Nf6 2.c4 e6 3.Nc3 Bb4 4.e3 Nc6 5.Ne2 d5 6.a3 Be7 7.Nf4 dxc4 8.Bxc4 e5
9.Nfe2 exd4 10.exd4 O-O 11.O-O a6 12.Bf4 Bd6 13.Qd2 Bxf4 14.Qxf4 Ne7 15.h3 c6
16.Rad1 Ned5 17.Qd2 Be6 18.Bd3 Re8 19.Na4 Qc7 20.Nc5 Rad8 21.Rfe1 Bc8 22.Bb1
Re7 23.Ng3 Rxe1+ 24.Rxe1 Nf4 25.Nf5 Bxf5 26.Bxf5 N4d5 27.Rd1 g6 28.Bb1 Kg7
29.Ba2 a5 30.Re1 b6 31.Nd3 Qd6 32.Qc1 Rc8 33.Qc4 Rc7 34.Re5 Nd7 35.Re1 Nf8
36.Ne5 b5 37.Qc1 Ne6 38.Nf3 b4 39.axb4 Qxb4 40.Rd1 a4 41.Qc4 Qxb2 42.Rb1 Qa3
43.Rb8 Nc3 44.Bb1 Qa1 45.Kh2 a3 46.Bd3 a2 47.Ne5 Qc1 48.Nxf7 Qf4+ {#R} 0-1

[Event "It (open)"]
[Site "masterchessopen.com Sydney (Australia)"]
[Round "1"]
[White "Feldman Vladimir (AUS)"]
[Black "Mills Natalie (AUS)"]
[Result "1-0"]
[WhiteElo "2230"]
[BlackElo "2029"]

1.d4 Nf6 2.c4 e6 3.Nc3 Bb4 4.e3 Nc6 5.Nf3 d6 6.d5 Bxc3+ 7.bxc3 Ne7 8.dxe6 Bxe6
9.Nd4 Bd7 10.Bd3 O-O 11.O-O Re8 12.e4 Ng6 13.f3 b6 14.Qc2 Ne5 15.Be2 h6 16.f4
Ng6 17.Bd3 Nf8 18.Bd2 Bc8 19.e5 N6d7 20.Be4 Ba6 21.Bxa8 Qxa8 22.exd6 Bxc4
23.Rfe1 cxd6 24.Nf5 Nc5 25.Rxe8 Qxe8 26.Nxd6 Qe6 27.Nxc4 Qxc4 28.Be3 Ne4
29.Bd4 Nd6 30.Re1 Ne6 31.Be5 Nb7 32.Qe4 Qc8 33.f5 Nbc5 34.Qg4 Ng5 35.Bxg7 Kxg7
36.f6+ {#r} 1-0

[Event "It (open)"]
[Site "masterchessopen.com Tampere (Finland)"]
[Round "2"]
[White "Heinimaki Leo (FIN)"]
[Black "Paldanius Pekka (FIN)"]
[Result "0-1"]
[WhiteElo "2072"]
[BlackElo "2265"]

1.d4 Nf6 2.c4 e6 3.Nc3 Bb4 4.e3 Nc6 5.Ne2 d5 6.a3 Be7 7.Nf4 O-O 8.Bd2 dxc4
9.Bxc4 e5 10.dxe5 Nxe5 11.Qe2 c6 12.Rd1 Qc7 13.Bc1 Bd6 14.Ba2 Bf5 15.h3 Rad8
16.O-O Ned7 17.Qf3 Bxf4 18.Qxf4 Qxf4 19.exf4 Ne4 20.Nxe4 Bxe4 21.f3 Bf5 22.Be3
Nb6 23.Bxb6 axb6 24.Bb3 Be6 25.Bxe6 fxe6 26.Rde1 Rf6 27.Re2 Kf7 28.Rfe1 Rd6
29.g3 Rf5 30.Kf2 Rb5 31.Rc2 Rc5 32.Ree2 Rdd5 33.Rcd2 Ke7 34.Rc2 Kd6 35.Red2 b5
36.Re2 Rc4 37.Rcd2 b4 38.axb4 Rxb4 39.Rc2 Rbb5 40.Re4 Kd7 41.Rce2 Rd6 42.g4 g6
43.Re5 Rxe5 44.fxe5 Rd4 45.Ke3 c5 46.f4 b5 47.h4 Kc6 48.h5 gxh5 49.gxh5 Kd5
50.Rg2 c4 51.Rg7 Rd3+ 52.Kf2 Ke4 53.Rxh7 Kxf4 54.h6 Rd2+ 55.Kg1 Kg5 56.Re7
Kxh6 57.Rxe6+ Kg7 58.Rd6 Rxb2 59.Kf1 c3 60.Rc6 b4 61.Ke1 {#R} 0-1

[Event "It (open)"]
[Site "masterchessopen.com Vienna (Austria)"]
[Round "2"]
[White "Pinheiro Jose (POR)"]
[Black "Kogan Artur (ISR)"]
[Result "0-1"]
[WhiteElo "2265"]
[BlackElo "2495"]

1.d4 Nf6 2.c4 e6 3.Nc3 Bb4 4.e3 Nc6 5.Nf3 d5 6.a3 Bxc3+ 7.bxc3 O-O 8.h3 Re8
9.cxd5 exd5 10.Be2 Ne4 11.Bb2 Na5 12.O-O Bf5 13.Ra2 Rc8 14.Ba1 Re6 15.g4 Bg6
16.Kg2 Nd6 17.Ne5 Nac4 18.Nxg6 hxg6 19.Qd3 Qh4 20.Bb2 Ne4 21.Bc1 Rce8 22.Bd1
Nxf2 23.Rfxf2 Rxe3 24.Bxe3 Rxe3 25.Qf1 Rxh3 {#R} 0-1

[Event "It (open)"]
[Site "masterchessopen.com Vladivostok (Russia)"]
[Round "1"]
[White "Zuttis Sergey (RUS)"]
[Black "Webb Laurence (ENG)"]
[Result "0-1"]
[WhiteElo "2044"]
[BlackElo "2245"]

1.d4 Nf6 2.c4 e6 3.Nc3 Bb4 4.e3 Nc6 5.Nf3 d6 6.Be2 O-O 7.O-O Bxc3 8.bxc3 e5
9.Qc2 Qe7 10.Ba3 e4 11.Nd2 Re8 12.Rab1 b6 13.Rfe1 Bb7 14.f3 Na5 15.d5 exf3
16.Bxf3 Nd7 17.Bb4 Ba6 18.Bxa5 bxa5 19.Qa4 Ne5 20.Qxa5 Bxc4 21.Rb7 Qh4 22.Rd1
Qg5 23.e4 Qe3+ 24.Kh1 Nd3 {#R} 0-1

[Event "It (open)"]
[Site "masterchessopen.com Wiesbaden (Germany)"]
[Round "0"]
[White "Donecker Stefan (GER)"]
[Black "Gentner Markus (GER)"]
[Result "1-0"]
[WhiteElo "1879"]
[BlackElo "2026"]

1.c4 Nf6 2.Nc3 e6 3.d4 Bb4 4.e3 Nc6 5.Bd3 d5 6.Ne2 O-O 7.f4 dxc4 8.Bxc4 Na5
9.Bd3 b6 10.Ng3 Bb7 11.O-O g6 12.Bd2 h5 13.h3 Nc6 14.Nge4 Nxd4 15.Nxf6+ Qxf6
16.Ne4 Bxe4 17.Bxb4 Bxd3 18.Qxd3 c5 19.Bc3 {#r} 1-0

[Event "It (open)"]
[Site "masterchessopen.com Wuerzburg (Germany)"]
[Round "2"]
[White "Zagorskis Darius (LTU)"]
[Black "Held Markus (GER)"]
[Result "1-0"]
[WhiteElo "2520"]
[BlackElo "2230"]

1.d4 Nf6 2.c4 e6 3.Nc3 Bb4 4.e3 Nc6 5.Ne2 d5 6.a3 Be7 7.cxd5 exd5 8.g3 Bf5
9.Bg2 Qd7 10.Nf4 Be4 11.Nxe4 dxe4 12.O-O Bd6 13.Nh5 Nxh5 14.Qxh5 O-O 15.Bxe4
f5 16.Bg2 Rae8 17.Bd2 Rf6 18.Rfe1 Rh6 19.Qd1 Qf7 20.e4 f4 21.e5 f3 22.Qxf3
Qxf3 23.Bxf3 Nxd4 24.Bd5+ Kf8 25.exd6 Rxd6 26.Bb4 {#r} 1-0

[Event "It (open)"]
[Site "masterchessopen.com Zaragoza (Spain)"]
[Date "2009.12.28"]
[Round "4"]
[White "Chueca Forcen Alberto (ESP)"]
[Black "Matnadze Ana (GEO)"]
[Result "0-1"]
[WhiteElo "2288"]
[BlackElo "2413"]

1.d4 Nf6 2.c4 e6 3.Nc3 Bb4 4.e3 Nc6 5.Bd3 e5 6.Ne2 d5 7.cxd5 Nxd5 8.e4 Nb6
9.d5 Ne7 10.O-O c6 11.a3 Bxc3 12.Nxc3 cxd5 13.Nxd5 Nbxd5 14.exd5 Qxd5 15.Qc2
Bd7 16.Be4 Qe6 17.Bxb7 Rb8 18.Qc7 O-O 19.Be4 Bc6 20.Bxc6 Nxc6 21.Rd1 Rfc8
22.Qd6 Rd8 {#R} 0-1

[Event "It (open) (b)"]
[Site "masterchessopen.com Frydek-Mistek (Czech Republic)"]
[Round "2"]
[White "Gorunowich Yura (BLR)"]
[Black "Furman Boris (RUS)"]
[Result "0-1"]
[WhiteElo "2273"]
[BlackElo "2250"]

1.d4 Nf6 2.c4 e6 3.Nc3 Bb4 4.e3 Nc6 5.Ne2 d5 6.a3 Be7 7.cxd5 exd5 8.g3 Bd6
9.Bg2 Ne7 10.Nb5 Nf5 11.Nxd6+ Nxd6 12.Nf4 c6 13.O-O O-O 14.b3 Re8 15.Nd3 Bf5
16.Ne5 Nd7 17.Bb2 Qg5 18.Bc1 Qe7 19.Bb2 Nf8 20.Re1 f6 21.Nd3 Qf7 22.a4 g5
23.Ba3 Rad8 24.Bxd6 Rxd6 25.Ra2 Rde6 26.b4 Bxd3 27.Qxd3 f5 28.Ree2 Nd7 29.b5
Nb6 30.a5 Nc4 31.a6 Nd6 32.axb7 Nxb5 33.Re1 Qxb7 34.Rc2 Qd7 35.Qb3 Kg7 36.Rc5
Rd6 37.Qc2 Na3 38.Qc3 Nc4 39.Bf1 f4 40.Bxc4 dxc4 41.Rxg5+ Rg6 42.exf4 Rxg5
43.fxg5 Qd5 44.Qxc4 Rxe1+ {#R} 0-1

[Event "It (open) (b)"]
[Site "masterchessopen.com Moscow (Russia)"]
[Date "2008.02.03"]
[Round "2"]
[White "Lagashin Pavel (RUS)"]
[Black "Dadonov Roman (RUS)"]
[Result "0-1"]
[WhiteElo "2015"]
[BlackElo "2196"]

1.d4 Nf6 2.c4 e6 3.Nc3 Bb4 4.e3 Nc6 5.Bd3 e5 6.d5 Bxc3+ 7.bxc3 Ne7 8.e4 d6
9.f3 O-O 10.Be3 Nd7 11.Qd2 Nc5 12.Bc2 b6 13.g4 Ba6 14.Bb3 Ng6 15.O-O-O Rb8
16.Kc2 Qe8 17.Rb1 c6 18.Ne2 cxd5 19.cxd5 Bd3+ 20.Kb2 Bxb1 21.Kxb1 Nh4 22.Bf2
Nxf3 23.Qe3 Nxe4 24.Kc2 Nxf2 25.Qxf3 Nxh1 {#R} 0-1

[Event "It (open) (b)"]
[Site "masterchessopen.com Moscow (Russia)"]
[Date "2008.02.04"]
[Round "3"]
[White "Solovyov Anton D (USA)"]
[Black "Kadigrobov Alexander (RUS)"]
[Result "0-1"]
[WhiteElo "2151"]
[BlackElo "2091"]

1.d4 Nf6 2.c4 e6 3.Nc3 Bb4 4.e3 Nc6 5.Ne2 e5 6.d5 Nb8 7.a3 Be7 8.Ng3 O-O 9.Bd3
a5 10.O-O Na6 11.Rb1 g6 12.e4 h5 13.h3 h4 14.Nge2 Nh5 15.Be3 Bg5 16.Qd2 Bxe3
17.Qxe3 Qe7 18.Rfd1 Kh7 19.b4 axb4 20.axb4 d6 21.Rdc1 Bd7 22.Kh2 Rae8 23.Ng1
f5 24.exf5 gxf5 25.g4 hxg3+ 26.fxg3 Kg7 27.Nce2 f4 28.gxf4 exf4 29.Qd4+ Qe5
30.Nf3 Qxd4 31.Nexd4 Re3 32.Rg1+ Ng3 33.Bf1 Kf6 34.Bg2 Rh8 35.Rge1 Rhe8
36.Rxe3 Rxe3 37.b5 Nc5 38.b6 cxb6 39.Rxb6 Ke7 40.h4 Bg4 41.Nd2 Kd7 42.Nb5 Nf5
43.Nf1 Re2 44.Kg1 f3 45.Bh1 Rb2 46.Nh2 Rb1+ 47.Kf2 Ne4# 0-1

[Event "It (open) (students) (w)"]
[Site "masterchessopen.com Moscow (Russia)"]
[Date "2011.02.03"]
[Round "6"]
[White "Repina Varvara (RUS)"]
[Black "Lysenko Maria (RUS)"]
[Result "1-0"]
[WhiteElo "2280"]
[BlackElo "2019"]

1.d4 Nf6 2.c4 e6 3.Nc3 Bb4 4.e3 Nc6 5.Ne2 d6 6.d5 Bxc3+ 7.Nxc3 Ne5 8.Be2 O-O
9.O-O Ng6 10.Qc2 e5 11.b4 Ne8 12.Bb2 f5 13.f4 Qh4 14.g3 Qh3 15.c5 Nf6 16.Nb5
Nxd5 17.Bc4 Be6 18.Qb3 c6 19.Nxd6 Rf6 20.Rf2 b5 21.cxb6 axb6 22.b5 Nge7
23.Bxe5 cxb5 24.Nxb5 Rg6 25.Rd1 Rc8 26.Nd6 Rc5 27.e4 fxe4 28.Nxe4 Rc8 29.Rfd2
{#r} 1-0

[Event "It (w)"]
[Site "masterchessopen.com Bad Homburg (Germany)"]
[Date "2007.07.08"]
[Round "3"]
[White "Nill Jessica (GER)"]
[Black "Kovalevskaya Ekaterina (RUS)"]
[Result "0-1"]
[WhiteElo "2246"]
[BlackElo "2448"]

1.d4 Nf6 2.c4 e6 3.Nc3 Bb4 4.e3 Nc6 5.Nf3 d6 6.Qc2 O-O 7.Bd2 e5 8.dxe5 dxe5
9.a3 Bxc3 10.Bxc3 e4 11.Nd2 Re8 12.Be2 Bf5 13.O-O Ne5 14.c5 Nfd7 15.b4 Qh4
16.Qb2 Bg4 17.f3 exf3 18.Nxf3 Bxf3 19.Bxf3 c6 20.Bd4 Re6 21.Be2 Rae8 22.Rf4
Qe7 23.Raf1 Nf6 24.h3 Qc7 25.Rf5 Qe7 26.R5f4 Nfd7 27.Qc3 Rf6 28.Bd1 Ng6
29.Bxf6 Nxf6 30.R4f3 Ne5 31.Rxf6 gxf6 32.Bc2 Kg7 33.Kh1 Ng6 34.Rf5 Qe6 35.e4
Rd8 36.Bb3 Qe7 37.Bc2 Rd7 38.Bb3 Qd8 39.Bc2 Rd4 40.Qf3 Rd2 41.Qc3 Qd4 42.Qxd4
Rxd4 43.Rf2 Ne5 44.Kg1 Rc4 45.Bb3 Rxe4 46.Rb2 Re1+ 47.Kh2 Re3 48.Kg1 Rc3
49.Rb1 Nd3 50.Kf1 a5 51.Kg1 f5 52.Kh2 Kf6 53.Kg1 h6 54.Kh2 f4 55.Kg1 axb4
56.axb4 Nxb4 57.Bxf7 Nd3 58.Rxb7 Rc1+ 59.Kh2 Nf2 60.g4 Rc2 61.Bb3 Nxg4+ 62.Kg1
Rc1+ 63.Kg2 Ne5 64.Rh7 Kg6 65.Re7 Rxc5 66.Re6+ Kg5 67.Bd1 h5 68.Re8 h4 69.Kf2
Kf5 70.Rh8 Ke4 71.Rxh4 Nd3+ 72.Ke2 Rg5 73.Rg4 Rxg4 74.hxg4 f3+ 75.Kf1 Ke3
76.g5 Nf4 77.Ba4 Nh5 {#R} 0-1

[Event "Izt"]
[Site "masterchessopen.com Saltsjobaden (Sweden)"]
[Round "0"]
[White "Matanovic Aleksandar (SRB)"]
[Black "Taimanov Mark E (RUS)"]
[Result "0-1"]
[WhiteElo "2490"]
[BlackElo "2386"]

1.d4 Nf6 2.c4 e6 3.Nc3 Bb4 4.e3 Nc6 5.Bd3 e5 6.Ne2 exd4 7.exd4 d5 8.cxd5 Nxd5
9.O-O O-O 10.a3 Be7 11.Qb3 Nf6 12.Rd1 a6 13.h3 Bd6 14.Bg5 h6 15.Bh4 g5 16.d5 (
16.Bg3 Bxg3 17.fxg3 Nxd4 18.Nxd4 Qxd4+ 19.Kh2 Qb6 { = } ) 16...Na5 17.Qa4 ( {
? } 17.Qc2 ) 17...Bd7 18.Qc2 ( 18.Qxa5 b6 { ??+ } ) 18...gxh4 19.b4 Qe7
20.bxa5 Qe5 21.Kf1 ( 21.f4 Qe3+ 22.Kh1 Bxh3 23.gxh3 Qxh3+ 24.Kg1 Bc5+ { ??+ }
) 21...Rae8 22.Ng1 Qh2 23.Bf5 Kh8 24.Bxd7 Rg8 25.Bg4 ( 25.Bxe8 Qxg2+ 26.Ke2 (
26.Ke1 Rxe8+ 27.Nge2 Bf4 { ??+ } ) 26...Rxe8+ 27.Kd3 Qg6+ 28.Kd2 Bf4# )
25...Nxg4 26.Re1 ( 26.hxg4 Rxg4 27.f3 Bc5 { ??+ } ) 26...Nf6 27.Rxe8 Qxg2+
28.Ke2 Rxe8+ 29.Kd3 Qg6+ 30.Kd2 Bf4+ 31.Kd1 Qxg1# 0-1

[Event "Memorial C.Torre (open) (1/2 final)"]
[Site "masterchessopen.com Merida (Mexico)"]
[Date "2004.12.19"]
[Round "2"]
[White "Graf Alexander (GER)"]
[Black "Delgado Neuris (CUB)"]
[Result "1-0"]
[WhiteElo "2646"]
[BlackElo "2554"]

{ } 1.d4 { 1 } 1...Nf6 2.c4 e6 3.Nc3 Bb4 4.e3 Nc6 5.Ne2 d5 6.a3 { = } 6...Bd6
7.Ng3 { N } ( 7.c5 Be7 8.f4 a5 9.Rb1 b6 10.b4 axb4 11.axb4 bxc5 12.bxc5 O-O
13.Ng3 Ba6 14.Bxa6 Rxa6 15.Qd3 Ra8 16.O-O Qd7 17.Bd2 Rfb8 18.Nb5 g6 19.Rb3 Na5
20.Bxa5 Rxa5 21.Rfb1 c6 22.Na3 Rxb3 23.Rxb3 Ra8 24.Nc2 Bd8 25.Rb4 Qa7 26.Ne2
Ne4 { ...1/2-1/2, Milov Vadim 2592 - Rashkovsky Nukhim N 2510 , Moscow 2002 It
(open) "Aeroflot" } ) ( 7.cxd5 exd5 8.g3 Be6 9.Bg2 Qd7 10.h3 Ne7 11.b4 O-O
12.Nf4 Bxf4 13.exf4 Ne4 14.Nxe4 dxe4 15.Bxe4 Bd5 16.Bxd5 Nxd5 17.Kf1 {
1/2-1/2, Vaisser Anatoly 2573 - Kogan Artur 2543 , France 1. 2.2004 Ch France
(team) 2004 } ) ( 7.Qc2 dxc4 8.e4 e5 9.d5 Nd4 10.Nxd4 exd4 11.Nb5 O-O 12.Bg5
d3 13.Qxc4 d2+ 14.Bxd2 Nxe4 15.Be3 Re8 16.Nxd6 cxd6 17.Be2 Qf6 18.Qb5 Bf5
19.O-O Re7 20.Rac1 Qe5 21.Bf3 h6 22.Rfd1 Ng5 23.Be2 Rae8 24.Bf1 a6 25.Qb4 Qf6
26.Bxg5 hxg5 { ...0-1, Mann Gerald 2315 - Kogan Artur 2470 , Kecskemet 1994 It
} ) 7...a6 8.cxd5 exd5 9.Bd3 Ne7 10.Qc2 O-O 11.O-O Re8 12.Bd2 Ng6 13.Nce2 Bd7
14.Bb4 Bb5 { ?! } ( 14...Bxb4 { !? } 15.axb4 c6 16.Qc5 Ng4 { } ) 15.Bxd6 Qxd6
16.Rac1 c6 17.Nc3 Bxd3 18.Qxd3 Ng4 19.Qf5 Nh6 20.Qh5 Qe6 21.Na4 f5 22.Nc5 Qf7
23.Ne2 Re7 24.Qg5 Rf8 25.b4 Qe8 26.a4 Rf6 27.g3 Nh8 28.b5 N8f7 29.Qf4 { ! } (
29.Qh5 axb5 30.axb5 Ng4 31.Nf4 { } ) 29...g5 30.Qf3 axb5 31.axb5 Kg7 { ?! } (
31...g4 { !? } 32.Qf4 Rg6 33.h4 gxh3 { } ) 32.bxc6 bxc6 33.Rb1 Nd6 34.Rb2 Nc4
35.Ra2 Qg6 36.Rfa1 Rff7 { ?! } ( 36...Rf8 { !? } 37.h4 gxh4 38.Nf4 Qf7 { } )
37.h4 Ng4 38.hxg5 Qh5 { ?! } ( 38...Qxg5 { !? } 39.Nf4 Qh6 40.Qh1 Qxh1+ { } )
39.Nf4 Qh2+ 40.Kf1 h6 41.Nce6+ Rxe6 42.Nxe6+ Kg6 43.Ke2 { } {#r} 1-0

[Event "Memorial D.Porath"]
[Site "masterchessopen.com Israel"]
[Round "4"]
[White "Kantsler Boris (ISR)"]
[Black "Kogan Artur (ISR)"]
[Result "1-0"]
[WhiteElo "2535"]
[BlackElo "2500"]

1.d4 Nf6 2.c4 e6 3.Nc3 Bb4 4.e3 Nc6 5.Ne2 d5 6.a3 Bf8 7.Nf4 Ne7 8.Be2 Ng6
9.Nd3 c6 10.f4 dxc4 11.Ne5 b5 12.Nxc6 Qb6 13.Ne5 Bb7 14.O-O Bd6 15.b3 Rd8
16.bxc4 Nxe5 17.fxe5 Bxe5 18.Nxb5 a6 19.Nc3 Qc7 20.Bf3 Bxh2+ 21.Kh1 Bxf3
22.Qxf3 O-O 23.Ne2 Bd6 24.c5 Be7 25.Bd2 Rd5 26.Nf4 Rg5 27.e4 Ng4 28.e5 Qd7
29.Ne2 Nxe5 30.Qh3 Rg4 31.Rf4 Rg6 32.Re4 Nc6 33.Nf4 Rg5 34.Nh5 Qd5 35.Bxg5
Qxe4 36.Bxe7 Nxe7 37.Rd1 Nf5 38.Ng3 Qc2 39.Rf1 Nxd4 40.Qg4 Qxc5 41.Nh5 g6
42.Nf6+ Kg7 43.Nd7 Qc4 44.Qf4 Qd5 45.Qf6+ Kg8 46.Nxf8 Nf5 47.Nxe6 fxe6 48.Rc1
Qd7 49.Qe5 Qe8 50.Rc7 h5 51.Rb7 {#r} 1-0

[Event "Memorial Ernst Stoeckl"]
[Site "masterchessopen.com Vienna (Austria)"]
[Round "6"]
[White "Kleiser Gregor (AUT)"]
[Black "Dueckstein Andreas (AUT)"]
[Result "0-1"]
[WhiteElo "2201"]
[BlackElo "2305"]

1.d4 e6 2.c4 Nf6 3.Nc3 Bb4 4.e3 Nc6 5.Ne2 d5 6.a3 Bxc3+ 7.Nxc3 O-O 8.Be2 a6
9.b4 dxc4 10.Bxc4 e5 11.d5 Ne7 12.e4 Ng6 13.O-O c6 14.dxc6 bxc6 15.Be3 Qc7
16.Qb3 Nf4 17.Rfd1 Ne6 18.f3 Rb8 19.Na4 a5 20.Nc5 Re8 21.Rd3 Ra8 22.Rad1 axb4
23.axb4 Nxc5 24.bxc5 Rb8 25.Qa2 Be6 26.Rd6 Bxc4 27.Qxc4 Rbd8 28.Qa6 Rxd6
29.Rxd6 Rc8 30.Bd2 Nd7 31.Bb4 h6 32.Qd3 Nf8 33.Qc3 Re8 34.Ba5 Qb7 35.Bb6 Nd7
36.Qd2 Nf8 37.Qd1 Ra8 38.h3 Ra2 39.Rd8 Ra8 40.Bc7 f6 41.Kh2 Kh7 42.Rxa8 Qxa8
43.f4 Ne6 44.Qd7 Nxf4 45.h4 Qa2 46.Qf5+ Kh8 47.Qc8+ Qg8 48.Qd7 h5 49.Qd8 Qxd8
50.Bxd8 Nd3 51.Be7 Nf2 52.Kg3 Nxe4+ 53.Kf3 Nc3 54.g4 hxg4+ 55.Kxg4 Kg8 56.h5
Kf7 57.Bd6 Ne4 {#R} 0-1

[Event "Memorial J.Capablanca"]
[Site "masterchessopen.com Habana (Cuba)"]
[Round "8"]
[White "Donner Jan-Hein (NED)"]
[Black "Pachman Ludek (GER)"]
[Result "1-0"]
[WhiteElo "2430"]
[BlackElo "2278"]

1.d4 Nf6 2.c4 e6 3.Nc3 Bb4 4.e3 Nc6 5.Nf3 O-O 6.Qc2 d6 7.Bd2 e5 8.dxe5 Nxe5
9.Nxe5 dxe5 10.a3 Bxc3 11.Bxc3 Qe7 12.Be2 c5 13.O-O b6 14.Rae1 Bb7 15.f4 Be4
16.Bd3 Bxd3 17.Qxd3 e4 18.Qc2 Rad8 19.Rd1 h6 20.h3 Rxd1 21.Rxd1 Rd8 22.Kh2
Rxd1 23.Qxd1 Qe6 24.Qd8+ Kh7 25.b3 b5 26.Bxf6 gxf6 27.cxb5 Qxb3 28.Qxf6 Kg8
29.Qxh6 c4 30.f5 Qxb5 31.Qg5+ Kf8 32.Qd8+ Kg7 33.Qd4+ f6 34.Qxa7+ Kh6 35.Qf7
Qe5+ 36.Kg1 Qa1+ 37.Kf2 Qb2+ 38.Kg3 Qe5+ 39.Kg4 {#r} 1-0

[Event "Memorial L.Rudenko (w)"]
[Site "masterchessopen.com Poltava (Ukraine)"]
[Date "2010.08.07"]
[Round "10"]
[White "Malimonenko Vita (UKR)"]
[Black "Aslanian Ludmila K (UKR)"]
[Result "0-1"]
[WhiteElo "1964"]
[BlackElo "2113"]

1.d4 Nf6 2.c4 e6 3.Nc3 Bb4 4.e3 Nc6 5.Ne2 e5 6.d5 Ne7 7.a3 Bxc3+ 8.Nxc3 d6
9.e4 Nd7 10.Be2 O-O 11.O-O f5 12.f3 f4 13.b4 g5 14.Bd2 Kh8 15.Be1 Rg8 16.g4 h5
17.h3 Rg7 18.Bf2 Rh7 19.c5 Nf6 20.Kg2 Kg7 21.Qc2 Ng6 22.cxd6 cxd6 23.Nb5 hxg4
24.hxg4 Bxg4 25.fxg4 Rc8 26.Nc3 Qh8 27.Bg1 Nh4+ {#R} 0-1

[Event "Memorial Narciso Yepes (open)"]
[Site "masterchessopen.com Lorca (Spain)"]
[Round "1"]
[White "Peralta Fernando (ARG)"]
[Black "Farran Martos Francesc X (ESP)"]
[Result "1-0"]
[WhiteElo "2531"]
[BlackElo "2114"]

1.d4 Nf6 2.c4 e6 3.Nc3 Bb4 4.e3 Nc6 5.Nf3 O-O 6.Bd3 d6 7.O-O e5 8.Nd5 Re8
9.Qc2 g6 10.a3 Ba5 11.b4 Bxb4 12.Nxf6+ Qxf6 13.axb4 Nxb4 14.Qa4 Bg4 15.dxe5
dxe5 16.Be4 Bxf3 17.Bxf3 e4 18.Be2 c5 19.Rb1 b6 20.Bb2 Qe6 21.Rfd1 h5 22.h3 f5
23.Rd7 Re7 24.Rbd1 Kf7 25.R1d6 {#r} 1-0

[Event "Oberliga Baden 1994/95"]
[Site "masterchessopen.com Baden-Wuerttemberg (Germany)"]
[Round "0"]
[White "Trachtmann Mark (GER)"]
[Black "Stobik Dietrich (GER)"]
[Result "1-0"]
[WhiteElo "2314"]
[BlackElo "2255"]

1.d4 Nf6 2.c4 e6 3.Nc3 Bb4 4.e3 Nc6 5.Ne2 d5 6.a3 Bf8 7.Ng3 Ne7 8.b3 c6 9.Bb2
Ng6 10.Be2 Bd6 11.O-O h5 12.f4 h4 13.Nh1 Ne7 14.Nf2 Nf5 15.Qd2 b6 16.e4 dxe4
17.Ncxe4 c5 18.Nxd6+ Qxd6 19.Bf3 Rb8 20.d5 Nd4 21.Bxd4 cxd4 22.Qxd4 O-O 23.Qe5
Rd8 24.Rfd1 exd5 25.Bxd5 Qxe5 26.fxe5 Nxd5 27.cxd5 Bf5 28.Rd4 Rd7 29.Nd3 Rbd8
30.Nb4 a5 31.Nc6 Rxd5 {#r} 1-0

[Event "Oberliga Baden 1996/97"]
[Site "masterchessopen.com Germany"]
[Round "0"]
[White "Kluss Kai (GER)"]
[Black "Ratzel Bernhard (GER)"]
[Result "0-1"]
[WhiteElo "2150"]
[BlackElo "2325"]

1.d4 Nf6 2.c4 e6 3.Nc3 Bb4 4.e3 Nc6 5.Ne2 d5 6.a3 Be7 7.Ng3 h5 8.cxd5 exd5
9.Bd3 h4 10.Nf5 Bf8 11.e4 dxe4 12.Nxg7+ Bxg7 13.Bb5 Kf8 14.d5 Ne5 15.Be2 h3
16.g3 Bf5 17.O-O Qd7 18.Qd4 Ne8 19.Qb4+ Nd6 20.Bg5 Bg4 21.Bb5 Qf5 22.Bf4 Kg8
23.Nd1 Nf3+ 24.Kh1 Nd4 25.Ne3 Bf3+ 26.Kg1 N6xb5 27.Qxb5 Qxf4 {#R} 0-1

[Event "Olympiad"]
[Site "masterchessopen.com Istanbul (Turkey)"]
[Date "2012.09.07"]
[Round "10"]
[White "Kananub Warot (THA)"]
[Black "Abdulla Al-Rakib (BAN)"]
[Result "0-1"]
[WhiteElo "2139"]
[BlackElo "2514"]

1.d4 Nf6 2.c4 e6 3.Nc3 Bb4 4.e3 Nc6 5.Nf3 d6 6.Be2 O-O 7.O-O Bxc3 8.bxc3 e5
9.Ba3 Re8 10.Nd2 Bf5 11.Re1 Nd7 12.c5 dxc5 13.d5 Ncb8 14.e4 Bg6 15.Rb1 b6
16.Qa4 Nf6 17.Bc1 Re7 18.f3 Ne8 19.Nc4 Nd6 20.Nxd6 cxd6 21.Be3 Nd7 22.Bb5 Nf8
23.Bc6 Rc8 24.Rb3 f6 25.c4 Be8 26.Bxe8 Qxe8 27.Qxe8 Rcxe8 28.a4 Rf7 29.g3 Nd7
30.Kg2 f5 31.Bg1 fxe4 32.fxe4 Ref8 33.h3 h5 34.Rbe3 Nb8 35.R1e2 Rf1 36.Re1
Rxe1 37.Rxe1 Na6 38.Rf1 Nb4 39.Rd1 Kf7 40.Rd2 Ke7 41.Be3 Kd7 42.Rf2 Rxf2+
43.Kxf2 Nd3+ 44.Ke2 Nb2 45.Bd2 Nxa4 {#R} 0-1

[Event "Olympiad"]
[Site "masterchessopen.com Lugano (Switzerland)"]
[Round "0"]
[White "Durao Joaquim (POR)"]
[Black "Schorr Leon (VEN)"]
[Result "1-0"]
[WhiteElo "1914"]
[BlackElo "2215"]

1.d4 Nf6 2.c4 e6 3.Nc3 Bb4 4.e3 Nc6 5.Bd3 e5 6.d5 Bxc3+ 7.bxc3 Nb8 8.Ne2 d6
9.Ng3 Na6 10.Bf5 Nc5 11.f3 Bxf5 12.Nxf5 g6 13.Ng3 e4 14.O-O Qe7 15.Ba3 Nfd7
16.Qd4 O-O 17.fxe4 Ne5 18.Rad1 b6 19.Rf4 Qg5 20.Nf1 Rae8 21.Kh1 Re7 22.Nd2
Ncd3 23.Rff1 Qh5 24.Nf3 Nc5 25.Nxe5 Rxe5 26.Bxc5 bxc5 27.Qd3 Rfe8 28.Rf4 g5
29.Rf5 Rxe4 30.Rdf1 Rxe3 31.Qd2 h6 32.h3 Re2 33.Qd1 R8e7 34.R5f3 R7e4 35.Qb3
Re7 36.Qb8+ Kg7 37.Qxa7 g4 38.Rg3 f5 39.Qb8 Qh4 40.Kh2 Qg5 41.Qc8 Rf7 42.Rxf5
Qxf5 43.Rxg4+ Kf6 44.Qd8+ Ree7 45.Qh8+ Rg7 46.Qxh6+ Rg6 47.Qh4+ Rg5 48.Rf4 Re2
49.Rxf5+ Kxf5 50.Qh7+ Kf6 51.Qh6+ Kf5 52.Qf8+ Kg6 53.Qf1 Rb2 54.a4 Kh6 55.h4
{#r} 1-0